| 000 | 00789nam a2200133Ia 4500 | ||
|---|---|---|---|
| 008 | 171212s9999 xx 000 0 und d | ||
| 020 | _a9780833050427 | ||
| 100 | _aWolf, Jr., Charles;Dalal, Siddhartha;DaVanzo, Julie;Larson, Eric V.;Akhmedjonov, Alisher | ||
| 245 |
_cWolf, Jr., Charles;Dalal, Siddhartha;DaVanzo, Julie;Larson, Eric V.;Akhmedjonov, Alisher _aChina and India, 2025 _bA Comparative Assessment |
||
| 260 |
_bRAND Corporation _c2011 |
||
| 650 | _aEconomic development -- China -- Forecasting; Economic development -- India -- Forecasting; China -- Population; India -- Population; Technological innovations -- China; Technological innovations -- India; China -- Armed Forces -- Appropriations and expen | ||
| 650 | _aHistory | ||
| 856 | _uwww.jstor.org/stable/10.7249/mg1009osd | ||
| 999 |
_c351853 _d351853 |
||